| 000 | 00646nam a2200205Ia 4500 | ||
|---|---|---|---|
| 003 | GCL | ||
| 008 | 140319s9999 xx 000 0 ara d | ||
| 040 |
_aGCL / _cGCL |
||
| 082 | 0 | 4 |
_a839.7 _bد ع |
| 100 | 1 | _aعبدالرحمن بدوى | |
| 245 | 1 | 0 |
_aعلماء الطبيعة / _cعبدالرحمن بدوى |
| 700 | 1 | _aدورنمات، فريدرش | |
| 700 | 1 | _aمحمد محمد القصاص | |
| 300 | _a156 ص | ||
| 490 |
_aروائع المسرح العالمى _v0 |
||
| 650 | 0 | 4 | _aالادب السويسرى |
| 650 | 0 | 4 | _aالمسرح السويسرى |
| 650 | 0 | 4 | _aالادب السويسرى المترجم |
| 942 |
_2ddc _cBK |
||
| 999 |
_c38216 _d38216 |
||